Úbytky napětí v usmerňovacím transformátoru s prostřídaným vinutím

Bibliographic Details
Main Authors: Kulda, Jiří, 1925- (Author), Kulta, Jiří (Author)
Format: Article
Language:Czech
PhysicalDescription:Obr. 5. Tb. 7.
Subjects:

MARC

LEADER 00000nab a2200000 a 4500
001 vtls000121062
003 SK-MaSNL
005 20260303032922.0
008 160201c1982 xo 0 cze
015 |a SNBRB19rr/mm-uuuuu 
035 |a CL0131167 
040 |a SNKBUCL  |b slo  |c SNKBUCL  |e AACR2 
041 0 |a cze 
044 |a xo  |c SK 
080 |a 621.31  |2 1981 
100 1 |a Kulda, Jiří,  |d 1925-  |4 aut  |9 116091 
245 1 0 |a Úbytky napětí v usmerňovacím transformátoru s prostřídaným vinutím  |c Jiří Kulda ; Jiří Kulta 
300 |b Obr. 5. Tb. 7. 
650 0 7 |a transformátory  |2 snkbucl  |9 26154 
655 7 |a články z novín a časopisov  |2 snkbucl  |9 267496 
700 1 |a Kulta, Jiří  |4 aut  |9 1016008 
773 0 |t Transformátory  |g Roč. 18, č. 2 (1982), s. 13-19 
850 |a Slovenská národná knižnica v Martine  |a MTA001 
852 |a SNK  |b KIS3GCP 
958 |a RK 
958 |a CZ 
992 |a RBX 
999 |c 1667708  |d 1669638